Buildings in society : international studies in the historic era /
Presents a series of papers reflecting the latest approaches to the study of buildings from the historic period. This volume does not examine buildings as architecture, rather it adopts an archaeological perspective to consider them as artefacts, reflecting the needs of those who commissioned them.
مؤلفون آخرون: ,
التنسيق: كتاب الكتروني
اللغة: English
منشور في:
Summertown, Oxford :
Archaeopress Publishing Ltd,
2018.
الموضوعات:
الوصول للمادة أونلاين: Login to view Source
الوسوم: إضافة وسم
رقم الطلب: NA200
| LEADER | 01798nam a2200397 i 4500 | ||
|---|---|---|---|
| 001 | EDZ0001947729 | ||
| 003 | StDuBDS | ||
| 005 | 20230412182154.0 | ||
| 006 | m|||||o||d|||||||| | ||
| 007 | cr ||||||||||| | ||
| 008 | 180502s2018 enka fo 000|0|eng|d | ||
| 020 | |a 9781784918323 (ebook) : |c No price | ||
| 040 | |a StDuBDS |b eng |c StDuBDS |e rda |e pn | ||
| 050 | 4 | |a NA200 | |
| 082 | 0 | 4 | |a 720.9 |2 23 |
| 245 | 0 | 0 | |a Buildings in society : |b international studies in the historic era / |c edited by Liz Thomas and Jill Campbell. |
| 264 | 1 | |a Summertown, Oxford : |b Archaeopress Publishing Ltd, |c 2018. | |
| 300 | |a 1 online resource (vi, 150 pages) : |b illustrations (black and white, and colour) | ||
| 336 | |a text |2 rdacontent | ||
| 336 | |a still image |2 rdacontent | ||
| 337 | |a computer |2 rdamedia | ||
| 338 | |a online resource |2 rdacarrier | ||
| 500 | |a Previously issued in print: 2018. | ||
| 520 | 8 | |a Presents a series of papers reflecting the latest approaches to the study of buildings from the historic period. This volume does not examine buildings as architecture, rather it adopts an archaeological perspective to consider them as artefacts, reflecting the needs of those who commissioned them. | |
| 521 | |a Specialized. | ||
| 588 | |a Description based on online resource; title from home page (viewed on October 4, 2018). | ||
| 650 | 0 | |a Buildings |x History. | |
| 650 | 0 | |a Historic buildings. | |
| 650 | 0 | |a Archaeology. | |
| 700 | 1 | |a Thomas, Liz, |e editor. | |
| 700 | 1 | |a Campbell, Jill, |e editor. | |
| 776 | 0 | 8 | |i Print version : |z 9781784918316 |
| 856 | 4 | 0 | |3 Archaeopress |u http://library.arce.org:8087/Archaeopress/Products/9781784918316 |
| 942 | |2 lcc |c EBOOK | ||
| 952 | |0 0 |1 0 |4 0 |6 NA0200 |7 1 |9 46380 |a ARCH |b ARCH |d 2023-04-12 |l 0 |o NA200 |r 2023-04-12 00:00:00 |w 2023-04-12 |y EBOOK | ||
| 999 | |c 52038 |d 52038 | ||
